Der Wanderer ins Ungewisse; (Record no. 38572)
[ view plain ]
| 000 -LEADER | |
|---|---|
| fixed length control field | 00704cam a22002411 4500 |
| 001 - CONTROL NUMBER | |
| control field | med47002334 |
| 003 - CONTROL NUMBER IDENTIFIER | |
| control field | DLC |
| 005 - DATE AND TIME OF LATEST TRANSACTION | |
| control field | 20260227111605.0 |
| 008 - FIXED-LENGTH DATA ELEMENTS--GENERAL INFORMATION | |
| fixed length control field | 820128s1942 xx 000 0 ger |
| 010 ## - LIBRARY OF CONGRESS CONTROL NUMBER | |
| LC control number | med47002334 |
| 035 ## - SYSTEM CONTROL NUMBER | |
| System control number | (OCoLC)14723724 |
| 040 ## - CATALOGING SOURCE | |
| Original cataloging agency | DLC |
| Transcribing agency | DNLM |
| Modifying agency | DLC |
| 042 ## - AUTHENTICATION CODE | |
| Authentication code | premarc |
| 050 00 - LIBRARY OF CONGRESS CALL NUMBER | |
| Classification number | RX66.H2 |
| Item number | S35 |
| 060 00 - NATIONAL LIBRARY OF MEDICINE CALL NUMBER | |
| Classification number | WZ 100 |
| Item number | H148S 1942 |
| 060 00 - NATIONAL LIBRARY OF MEDICINE CALL NUMBER | |
| Classification number | Film 7126 no. 4 |
| 100 1# - MAIN ENTRY--PERSONAL NAME | |
| Personal name | Schumann, Otto, |
| Dates associated with a name | 1895- |
| 245 14 - TITLE STATEMENT | |
| Title | Der Wanderer ins Ungewisse; |
| Remainder of title | Lebensgeschichte des Dr. Ch. F. S. Hahnemann, des Begründers der Homöopathie, 1755-1843. |
| 260 ## - PUBLICATION, DISTRIBUTION, ETC. | |
| Place of publication, distribution, etc. | Berlin, |
| Name of publisher, distributor, etc. | Klieber |
| Date of publication, distribution, etc. | [c1942] |
| 300 ## - PHYSICAL DESCRIPTION | |
| Extent | 344 p. |
| 500 ## - GENERAL NOTE | |
| General note | 2d ed. |
| 500 ## - GENERAL NOTE | |
| General note | Microfilmed for preservation |
| Institution to which field applies | DNLM |
No items available.